| 000 | 00868cab a2200277 4500 | ||
|---|---|---|---|
| 001 | WB3145-36 | ||
| 008 | 090401t1995 xxu||||| |||| 00| 0 eng d | ||
| 035 | _a(Sirsi) u40791 | ||
| 041 | _aeng | ||
| 245 | _aPylon cancer fears hit house prices | ||
| 260 | _c1995 | ||
| 350 | _a0 | ||
| 490 |
_aSunday Telegraph _v26 November 1995, 14(1) |
||
| 520 | _aChartered surveyors` Meredith & Co are warning housebuyers about drops in property values because of cancer threats from nearby pylons. | ||
| 650 | _aCANCER | ||
| 650 | _aELECTRICITY PYLONS | ||
| 650 | _aELECTROMAGNETIC FIELDS | ||
| 650 |
_aHEALTH AND SAFETY _96244 |
||
| 650 | _aHEALTH HAZARDS | ||
| 650 | _aHOUSE PRICES | ||
| 650 | _aNATIONAL GRID COMPANY | ||
| 650 | _aPROPERTY VALUES | ||
| 690 | _aPROPERTY-RESIDENTIAL PROPERTY-RESIDENTIAL PROPERTY MARKET | ||
| 942 | _n0 | ||
| 948 | _c04/03/1997 | ||
| 999 |
_c26142 _d26142 |
||